000 00561cam a2200205 4500
008 090401t1991 xxu||||| |||| 00| 0 eng d
020 _a0632031220
035 _a(Sirsi) u93965
041 0 _aeng
050 0 4 _a526.90287 $2 18
100 1 _aBurnside, C. D.
245 0 0 _aElectromagnetic distance measurement
250 _a3rd ed.
260 _aOxford
_bBSP Professional Books
_c1991
300 _ax, 278p.
_bill.
_c24cm.
350 _a17.95
690 _aENVIRONMENTAL AND LAND CONSULTANCY-GEOMATICS-LAND SURVEYING
942 _n0
948 _c04/03/1997
999 _c97872
_d97872